000 00325nam a2200145Ia 4500
008 230718s9999 xx 000 0 und d
041 _aEng.
082 _a340
_bBHA-R
100 _aBharda, Laura Leam
245 0 _aRed and Green
260 _aPakistan
_bLising Press
_c1997
300 _a185
650 _aLaw
999 _c28620
_d28620